000 01336nam a2200241Ia 4500
003 Ost
005 20260507075615.0
008 260507s9999||||xx |||||||||||||| ||und||
020 _a9789961018958
040 _cfsecg
041 _aara
082 _a657.46
100 _aبكاري، بلخير
_eمؤلف
245 0 _aأسئلة وتمارين محلولة في المحاسبة المعمقة :
_bبحسب النظام المحاسبي المالي (SCF) /
_c بلخير بكاري
260 _aالجزائر:
_bديوان المطبوعات الجامعية,
_c2016
300 _a279 صفحة؛
_bإيضاحات ؛
_c22 سم
504 _aالمراجع ص.278
520 _aيعالج هذا الكتاب المواضيع التالية : التثبيتات، المخزونات، حسابات رؤوس الأموال، المؤونات، وحالة المقاربة البنكية. وذلك في قسمين ؛ قسم أول يتناول الأسئلة والتمارين للمواضيع المذكورة أعلاه وقسم ثاني جاء ليعطي الإجابات والحلول لمجموعة الأسئلة والتمارين.
653 _a النظام المحاسبي المالي - الجزائر
653 _aالإقتصاد الكمي
653 _aالمحاسبة المعمقة
942 _cكتاب
999 _c45109
_d45109